| LEADER |
00766nam0a2200217 450 |
| 001 |
16825005 |
| 010 |
|
|
|a 978-2-09-253534-9
|b br.
|d 14,5
|
| 100 |
|
|
|a 20120227d2026 u u0frey01 ba
|
| 101 |
1 |
|
|a fre
|c eng
|
| 102 |
|
|
|a FR
|
| 200 |
0 |
|
|a Coeur guimauve
|f Cathy Cassidy
|g traduit de l'anglais par Anne Guitton
|
| 207 |
|
1 |
|a
|
| 210 |
|
|
|a Paris
|b 9 rue Mechain.
|c Nathan
|d impr. 2012
|
| 215 |
|
|
|a 1 vol. (297 p.)
|c couv. ill. en coul.
|d 21 cm
|
| 225 |
1 |
|
|a (Les )filles au chocolat
|v tome
|
| 461 |
|
0 |
|t (Les )filles au chocolat
|v 2
|
| 700 |
|
0 |
|a Cassidy
|b Cathy
|4 70
|
| 702 |
|
0 |
|a Guitton
|b Anne
|4 730
|
| 900 |
|
|
|a Roman enfant
|
| 901 |
|
|
|a Accessible au prêt
|
| 995 |
|
|
|a Bibliothèque
|c Bibliothèque
|f 024017090
|h 024017090
|k E C4 CAS 2
|o p
|q j
|r az
|u Feutre rouge p111
|e Bibliothèque
|